Fictional Characters by Pictures – E - Statistics

General Stats
  • This quiz has been taken 55 times
  • The average score is 6 of 19
Answer Stats
Picture Answer % Correct
Ed
94%
Edd
79%
Eddy
79%
Edward Cullen
70%
Eric
64%
Esmeralda
47%
Effie Trinket
30%
Emma
19%
Elena Gilbert
13%
Enchantress
13%
Elizabeth
11%
Esteban
11%
Eve
11%
Even
11%
Ezra
11%
Elio
9%
Emily Fields
9%
Effy Stonem
6%
Emmett
4%
No matching quizzes found
Score Distribution
Percent of People with Each Score
Percentile by Number Answered
Your Score History
You have not taken this quiz